| 000 | 00803nam a2200253 i 4500 | ||
|---|---|---|---|
| 003 | EG-ScBUE | ||
| 005 | 20250615090318.0 | ||
| 008 | 820317r1822 nyuaf f 00010 fre d | ||
| 020 | _a9781108001809 | ||
| 040 |
_aEG-ScBUE _bfre _erda _cEG-ScBUE _dEG-ScBUE |
||
| 082 | 0 | 4 |
_222 _a536 _bFOU |
| 100 | 1 |
_aFourier, Jean Baptiste Joseph, _eauthor. _932814 |
|
| 245 | 1 | 0 |
_aTheorie analytique de la chaleur / _cpar M. Fourier. |
| 264 | 1 |
_aParis : _bF. Didot, _c1822. |
|
| 300 |
_axxii, 639 pages, [2] leaves of plates : _billustrations ; _c26 cm. |
||
| 336 |
_2rdacontent _atext _btxt |
||
| 337 |
_aunmediated _2rdamedia _bn |
||
| 338 |
_avolume _bnc _2rdacarrier |
||
| 490 | 0 | _aCambridge library collection | |
| 650 | 7 |
_aHeat. _2BUEsh _932815 |
|
| 653 | _cMarch2013 | ||
| 655 | _vReading book | ||
| 942 |
_2ddc _cBB |
||
| 999 |
_c17352 _d17324 |
||